000 01242nam a2200277 a 4500
001 BRCA_1968
005 20190320203623.0
008 210905m19992002sp-#---###---#000-0#spa-d
020 _a8476281641 (Obra completa)
050 4 _aN8010
_b.R43 1999
100 1 _aRéau, Louis
_d1881-1961
_96040
245 1 0 _aIconografía del arte cristiano
_cLouis Réau ; traducción Daniel Alcoba, José Ma. Sousa Jiménez.
260 _aBarcelona
_bSerbal
_c1999-2002
300 _a6 v.
_c21 cm.
440 0 _aCultura artística
_v3-8
_96041
500 _aTraducción de : Iconographie de l´Art Chrétien
500 _aEstado físico : t.2. v.3 encuadernado, enero 2013
504 _aIncluye referencias bibliográficas e índice
505 0 _aContenido : Introducción general. -- t.1. v.1. Iconografía de la Biblia-Antiguo Testamento. -- t.1. v.2. Iconografía de la Biblia-Nuevo Testamento. -- t.2. v.3 Iconografía de los Santos A-F. -- t.2. v.4. Iconografía de los Santos G-O. -- t.2. v.5. Iconografía de los Santos P-Z - Repertorios
650 1 4 _aArte cristiano y simbolismo
_92565
650 1 4 _aSantos en el arte
_92342
700 1 _aAlcoba, Daniel
_96042
700 1 _aSousa Jiménez, José Ma.
_96043
902 _aREF
942 _2lcc
_cB
999 _c1737
_d1737